| 000 | 01538nam a2200385Ia 4500 | ||
|---|---|---|---|
| 001 | dia_7059 | ||
| 003 | CHAP | ||
| 005 | 20240514133219.0 | ||
| 007 | ta | ||
| 008 | 220117s2018 mx abdofr 001 0 spa d | ||
| 040 |
_cCHAP _amxchpua |
||
| 090 |
_aT.C.763 _bV55 SAI _c2018 |
||
| 245 | 1 | 0 |
_aSistema agroindustrial tequila, en Arandas, Jalisco / _ccoordinador Abraham Villegas de Gante ; colaboradores Alan David Guzmán Díaz, Mirella Hernández Hernández y Victor Manuel Ortiz Bautista. |
| 260 |
_aMéxico : _bEl autor, _c2018 |
||
| 300 |
_a72 hojas : _bilustraciones, mapas, gráficas, diagramas, tablas, fotos + _e1 CD-ROM |
||
| 336 |
_2rdacontent _atexto _btxt |
||
| 337 |
_2rdamedia _ano mediado _bn |
||
| 338 |
_2rdacarrier _avolumen _bnc |
||
| 500 | _a6° año | ||
| 502 |
_aViaje de Estudios _b(SAI) -- _cUACh. Departamento de Ingeniería Agroindustrial, _d2018 |
||
| 504 | _aBibliografía: hojas 70-72 | ||
| 650 | 1 | 3 |
_aTequila _xIndustria y comercio _9162325 _zMéxico _zJalisco |
| 650 | 1 | 3 |
_aTequila _xIndustry and trade _9162326 _zMexico _zJalisco |
| 700 | 1 |
_aVillegas de Gante, Abraham Zacarias _9185141 _ecoordinador |
|
| 700 | 1 |
_aGuzmán Díaz, Alan David _9162849 _ecolaborador |
|
| 700 | 1 |
_aHernández Hernández, Mirella _9162850 _ecolaboradora |
|
| 700 | 1 |
_aOrtiz Bautista, Victor Manuel _9162851 _ecolaborador |
|
| 901 | _aT.C.763 V55 SAI 2018 | ||
| 902 | _aM | ||
| 905 | _a5232272018 mx dnm 8223123322spa16 | ||
| 942 | _2local | ||
| 942 | _cVE | ||
| 999 |
_c178246 _d178246 |
||